Nasze grzyby /

Zapisane w:
Opis bibliograficzny
1. autor: Skirgiełło, Alina (1911-2007)
Kolejni autorzy: Słomczyńska, Anna Małgorzata (Il.), Słomczyński, Paweł (Il.)
Format: Książka
Język:polski
Wydane: Warszawa : "Alfa", 1990
Hasła przedmiotowe:
Etykiety: Dodaj etykietę
Nie ma etykietki, Dołącz pierwszą etykiete!

MARC

LEADER 00000nam a2200000 i 4500
001 991001749539705066
005 20260515140228.0
008 970612s1990 pl a |001 0 pol
020 |a 8370013414 
035 |a 991001749539705066 
035 |a (PL-WaBN)b10493256-48omnis_nlop 
035 |a b10493256 
035 |a (OCoLC)169810356 
035 |a zz2007787185 
035 |a (PL)b0000001049325 
035 |a (EXLNZ-48OMNIS_NETWORK)9910414934605606 
040 |a WA N  |c WA N 
080 |a 582.2/.3(438)(02.025.2) 
090 |c 127  |d 126 
100 1 |a Skirgiełło, Alina  |d (1911-2007) 
245 1 0 |a Nasze grzyby /  |c Alina Skirgiełło ; zdjęcia Anna M[ałgorzata] i Paweł Słomczyńscy. 
260 |a Warszawa :  |b "Alfa",  |c 1990  |e (Gdań. :  |f ZG). 
300 |a 250, [6] s. :  |b fot. kolor., rys. ;  |c 18 cm. 
504 |a Indeksy. 
650 7 |a Grzyby 
651 7 |a Polska 
700 1 |a Słomczyńska, Anna Małgorzata  |e Il. 
700 1 |a Słomczyński, Paweł  |e Il. 
920 |a 83-7001-341-4 
942 |c K 
952 |0 0  |1 0  |4 0  |6 R__88_000000000000000  |7 0  |9 119  |a RYT  |b RYT  |d 2026-05-13  |e 1/2014  |g 10.00  |l 0  |o R.88  |p 2000000000886  |r 2026-05-15 14:02:28  |w 2026-05-15  |y BK  |z da 
999 |c 119  |d 119